English grammar in use (136 đề mục ngữ pháp tiếng Anh trình độ trung cấp)

Saved in:
Bibliographic Details
Main Author: Murphy, Raymond
Format: Book
Language:Undetermined
Published: Thành phố Hồ Chí Minh Trẻ 2001
Subjects:
Tags: Add Tag
No Tags, Be the first to tag this record!
Institutions: Trung tâm Học liệu Trường Đại học Cần Thơ
LEADER 00666nam a2200217Ia 4500
001 CTU_64393
008 210402s9999 xx 000 0 und d
020 |b 38000 
082 |a 425 
082 |b M978 
100 |a Murphy, Raymond 
245 0 |a English grammar in use 
245 0 |b (136 đề mục ngữ pháp tiếng Anh trình độ trung cấp) 
245 0 |c Raymond Murphy; Nguyễn Trung Tánh dịch 
260 |a Thành phố Hồ Chí Minh 
260 |b Trẻ 
260 |c 2001 
650 |a English language 
650 |x Grammar 
904 |i Năm (Nguyênsửa) 
980 |a Trung tâm Học liệu Trường Đại học Cần Thơ